Indovina l'anime! - Statistics

Statistiche generali
  • Questo quiz è stato fatto 708 volte
  • Il punteggio medio è 6 su 15
Statistiche sulle risposte
Descrizione Risposta % Corretto
Un bambino con la coda di scimmia e forza sovrumana è alla ricerca di sette sfere magiche che se riunite permettono di evocare un drago, capace di esaudire qualsiasi desiderio espresso. Dragon Ball
99%
Il protagonista è un brillante studente, stanco di vivere in una società moralmente corrotta. Quando per caso si imbatte in un quaderno capace di uccidere la persona il cui nome viene scritto tra le sue pagine, comincia a utilizzarlo per farsi giustizia da solo, attirando l'attenzione della polizia internazionale. Death Note
88%
Il protagonista è un ragazzo che abita in una casa di montagna. Un giorno tornando nella sua abitazione egli scopre che tutta la sua famiglia è stata massacrata, eccetto sua sorella che però è stata trasformata in un demone. Il ragazzo inizia a viaggiare per cercare un rimedio alla maledizione che ha colpito la giovane. Demon Slayer
73%
Un giovane ninja coltiva l'ambizioso sogno di diventare capo del suo villaggio. Così facendo egli spera finalmente di essere ammirato dai membri della sua comunità, che invece lo hanno da sempre ripudiato, essendo in lui sigillato un antico e temibile demone che attaccò il villaggio anni prima. Naruto
73%
Il protagonista è un liceale ma è anche già un astuto investigatore che non di rado collabora con la polizia giapponese. Un giorno il ragazzo viene rapito in quanto testimone di un grave crimine. Viene poi somministrato lui un farmaco mortale, il quale però non sortisce gli effetti desiderati. Il medicinale non lo uccide, bensì lo ringiovanisce di circa dieci anni, trasformandolo quindi in un bambino. Detective Conan
67%
Il protagonista è un famoso ladro noto in tutto il mondo. Egli insieme ai suoi soci mette a segno furti di vario genere, mentre un buffo ispettore di polizia è costantemente sulle sue tracce. Lupin III
46%
In una Terra post-apocalittica agisce il successore di un'antica scuola di arti marziali che insegna tecniche in grado di uccidere i propri avversari facendoli esplodere dall'interno mediante la pressione di determinate parti del corpo. Ken il Guerriero
27%
Nel Giappone feudale un giovane mezzo-demone ruba da un villaggio una sfera magica in grado di incrementare immensamente i poteri di chi la possiede. Il mezzo-demone viene poi trafitto da una freccia scoccata dalla sacerdotessa del villaggio e sigillato a un albero. Inuyasha
25%
Due uomini praticanti di arti marziali concordano un matrimonio combinato tra i loro eredi adolescenti. Tuttavia il promesso sposo nonché protagonista, è affetto da una strana maledizione, inflittagli mentre si trovava in Cina: se bagnato con acqua fredda si trasforma in ragazza, ma a contatto con l'acqua calda torna ragazzo. Ranma 1/2
23%
A Tokyo si apre un portale magico che collega il Giappone a un'altra dimensione. Dal portale esce un esercito composto da guerrieri e creature mostruose che attaccano la capitale. L'esercito giapponese respinge l'offensiva e stabilisce un quartier generale nel mondo fantasy oltre il portale, per tentare di convincere i governanti di quel mondo a stipulare un trattato di pace. Gate
9%
Un guerriero itinerante e un ronin vengono condannati a morte per aver causato un violento scontro. Tuttavia una ragazza salva loro da morte certa, chiedendo in cambio di essere accompagnata nel lungo viaggio alla ricerca del “samurai che profuma di girasoli”. Samurai Champloo
8%
In una stazione della metropolitana di Tokyo due amici muoiono investiti dal treno, mentre stavano tentando di salvare la vita a un senzatetto ubriaco, scivolato tra i binari. Stranamente i due si risvegliano in un appartamento dove si trovano anche altre persone da poco defunte. Gantz
6%
Noti personaggi del passato, dopo la loro morte vengono catapultati in un altro mondo, una sorta di medioevo fantasy. Tali personaggi sono divisi in due fazioni contrapposte, che lottano tra loro per la conquista di quelle terre misteriose. Drifters
5%
Il protagonista è uno spietato samurai che ha combattuto per rovesciare il potere dello shogun. Con l'insediarsi del nuovo governo diretto dall'imperatore, il protagonista abbraccia uno stile di vita pacifico, utilizzando la propria spada con l'unico scopo di proteggere le persone dalle ingiustizie. Kenshin samurai vagabondo
3%
I quattro personaggi principali partono per un viaggio verso occidente, con l'intento di impedire la resurrezione del pericoloso Re dei Demoni, una creatura sigillata secoli prima dalle divinità. Saiyuki
3%
Nessun quiz corrispondente trovato
Distribuzione punteggi
Percentuale di utenti per punteggio
Percentile per numero di risposta
I tuoi punteggi nel tempo
Non hai fatto questo quiz